[Event "FIDE Moscow Grand Prix 2017"]
[Site "Moscow"]
[Date "2017.05.13"]
[Round "2"]
[White "Nakamura, Hikaru"]
[Black "Radjabov, Teimour"]
[Result "1/2-1/2"]
[WhiteElo "2786"]
[BlackElo "2710"]
[Annotator "TA"]
[PlyCount "36"]
[EventDate "2017.??.??"]
[EventType "tourn"]
[EventCountry "RUS"]
[SourceTitle "playchess.com"]
[Source "ChessBase"]
[SourceQuality "1"]

{[%evp 12,36,12,0,0,-5,0,0,0,0,0,14,4,-7,-6,-10,-3,-7,0,-20,-12,-18,-19,-20,-20,-12,-14]} 1. d4 d5 2. c4 e6 3. Nf3 Nf6 4. g3 Bb4+ 5. Bd2 Be7 6. Bg2 c6 7. Qc2 {The position is equal.} b6 {E11: Bogo-Indian} 8. Ne5 (8. Bf4 Bb7 9. O-O Nbd7 10. Rd1 Rc8 11. Nc3 dxc4 12. Ne5 Nd5 13. Nxc4 Nxf4 14. gxf4 Qc7 15. e3 {½-½ (23) Fridman,D (2594)-Gelfand,B (2721) Caleta 2017}) 8... Bb7 9. O-O Nbd7 10. Bc3 O-O 11. Nd2 Nxe5 $146 ({Predecessor:} 11... Rc8 12. Rad1 Qc7 13. Nxd7 Nxd7 14. e4 Ba6 15. b3 b5 16. Rfe1 dxc4 17. bxc4 bxc4 {½-½ (39) Cranbourne,C (2422)-Cordoba,H (2568) ICCF email 2005}) 12. dxe5 Nd7 13. cxd5 cxd5 14. e4 Nc5 15. exd5 Bxd5 16. Ne4 Nxe4 17. Bxe4 Bxe4 18. Qxe4 Qc7 1/2-1/2

[Event "FIDE Moscow Grand Prix 2017"]
[Site "Moscow"]
[Date "2017.05.13"]
[Round "2"]
[White "Ding, Liren"]
[Black "Inarkiev, Ernesto"]
[Result "1-0"]
[WhiteElo "2773"]
[BlackElo "2727"]
[Annotator "TA"]
[PlyCount "173"]
[EventDate "2017.??.??"]
[EventType "tourn"]
[EventCountry "RUS"]
[SourceTitle "playchess.com"]
[Source "ChessBase"]
[SourceQuality "1"]

{[%evp 11,173,3,10,0,40,38,41,43,35,45,43,35,22,18,40,30,45,38,74,83,89,85,110,101,115,53,40,43,47,47,60,29,92,85,83,89,103,92,141,82,116,91,91,91,91,91,91,91,91,91,91,91,121,111,121,120,160,148,158,155,163,160,179,138,170,168,201,200,201,186,199,200,198,195,210,170,155,151,168,150,168,160,217,150,173,153,231,235,216,230,212,215,441,395,327,127,202,98,98,98,98,98,109,89,79,91,134,98,130,114,128,0,119,120,120,117,121,102,175,175,2522,1787,29939,29946,29942,29946,29947,29949,29949,29950,29949,29950,29949,29948,29948,29949,29947,29950,29945,29947,29945,29946,29948,29947,5455,5455,29960,29961,29960,29962,29960,29960,29960,29961,29959,29958,29961,29963,29975,29977,29970,29976,29968,29970]} 1. c4 e5 2. g3 Nf6 3. Bg2 c6 4. Nf3 e4 5. Nd4 d5 6. d3 {A20: English Opening: 1...e5} exd3 {LiveBook: 5 Games} 7. cxd5 Bb4+ $146 ({Predecessor:} 7... Nxd5 8. Qxd3 Be7 9. O-O O-O 10. Rd1 Bf6 11. a3 Na6 12. Qb3 Qb6 13. Bxd5 Bxd4 14. Qxb6 Bxb6 {1-0 (41) Lenderman,A (2582)-Homa,S (2331) Wheeling 2014}) 8. Nc3 {[%cal Rd5c6] White is slightly better.} c5 9. Nb3 {[%cal Bd4b3,Bb3d2,Bd2c4,Bc4d6][%mdl 32]} c4 10. Nd2 O-O 11. O-O Bxc3 12. bxc3 Bg4 13. f3 dxe2 14. Qxe2 Bf5 15. Nxc4 Qxd5 16. Rd1 Qb5 17. a4 $1 {[%cal Ra4b5]} Qa6 18. Bf1 (18. Ba3 $1 $16 {[%cal Ra3f8]} Re8 19. Qf1) 18... Be6 $1 $14 19. Nd6 Qxe2 20. Bxe2 b6 21. Nb5 Bb3 (21... Nc6 $11) 22. Rd6 $16 Nbd7 23. a5 Rfc8 24. Kf2 h6 25. Be3 (25. Nd4 $142 Be6 26. axb6 (26. Nxe6 fxe6 27. Rxe6 bxa5 $16) 26... Nxb6 27. Nxe6 fxe6 28. Rxe6) 25... Ne5 26. Bd4 Nc4 27. Rxf6 gxf6 28. Bxc4 $1 Bxc4 29. Nd6 bxa5 ({Don't go for} 29... Rc6 $2 30. Nxc4 Rxc4 31. axb6 $18) 30. Nxc8 Rxc8 31. Rxa5 {[%mdl 4096] Endgame KRB-KRB} Re8 32. g4 a6 33. Rc5 Bd3 34. Bxf6 Re6 35. Bd4 {Hoping for Rc8+.} Kf8 36. h4 Ke8 37. Rc8+ Kd7 38. Rf8 $1 Ke7 39. Bc5+ $1 Kf6 40. Rh8 $1 Kg7 41. Bd4+ f6 42. Rd8 Bc4 43. Rd7+ Kg8 44. Ra7 Bd3 45. Kg3 Rc6 46. h5 Bc2 (46... Be2 $16 {was called for.} 47. Kf4 Bc4) 47. f4 Bd1 48. Kh4 Rd6 (48... Re6 $16 49. Kg3 Rd6) 49. Ra8+ $1 $18 Kf7 50. Rh8 $1 {[%cal Rh8h6]} Kg7 51. Rc8 $1 Kf7 $2 (51... Re6 {keeps fighting.} 52. Rc7+ Kg8 53. Rc8+ Kf7) 52. Rc7+ Kg8 53. Rc5 $2 (53. f5 $1 $18 {is the precise move to win.}) 53... Kf7 (53... Re6 $16 54. Rc8+ Kf7) 54. g5 (54. f5 $1 $18 {has better winning chances.}) 54... fxg5+ $16 55. fxg5 hxg5+ 56. Kxg5 Bc2 57. Rc7+ Ke6 58. h6 {Strongly threatening h7.} Rd5+ 59. Kg4 {And now h7 would win.} Rd7 60. Rc6+ Rd6 61. Rc7 {Threatens to win with h7.} Rd7 62. Rc5 Rd5 63. Rc8 a5 64. Re8+ Kd7 (64... Kf7 $16 {was necessary.} 65. Ra8 Bd1+ 66. Kg3 Rh5) 65. Ra8 $18 {aiming for h7!} a4 $2 {[#]} (65... Ke7 66. Ra7+ Rd7 67. Rxa5 Kf7) 66. h7 $1 {[%mdl 512]} Bxh7 67. Ra7+ Kc6 68. Rxh7 {KRB-KR} Ra5 69. Rh6+ Kd7 70. Kf4 a3 {[#]} 71. Rh1 $1 a2 {[#]} 72. Ra1 $1 ({Less strong is} 72. c4 Ra4 $18) 72... Kc6 73. Ke4 Kb5 74. Kd3 Ra8 75. Kc2 Kc4 76. Kb2 Rb8+ 77. Kxa2 Kd3 78. Rh1 Kc2 79. Ka3 {White mates.} Kd3 80. Rh5 Rb1 81. Ka4 Rb8 82. Rb5 Ra8+ 83. Kb4 Rc8 84. Rb7 Rc4+ 85. Kb5 Rc8 86. Bg7 Rd8 87. c4 {Precision: White = 67%, Black = 38%.} 1-0

[Event "FIDE Moscow Grand Prix 2017"]
[Site "Moscow"]
[Date "2017.05.13"]
[Round "2"]
[White "Svidler, Peter"]
[Black "Salem, A R Saleh"]
[Result "1/2-1/2"]
[WhiteElo "2755"]
[BlackElo "2633"]
[Annotator "TA"]
[PlyCount "31"]
[EventDate "2017.??.??"]
[EventType "tourn"]
[EventCountry "RUS"]
[SourceTitle "playchess.com"]
[Source "ChessBase"]
[SourceQuality "1"]

{[%evp 10,31,21,5,4,6,7,-1,0,-13,-8,-8,4,0,0,0,0,0,0,0,0,0,0,-12]} 1. c4 e5 2. g3 d6 3. Bg2 f5 4. d4 Be7 5. Nc3 Nf6 6. Nf3 {The position is equal.} e4 {A21: English Opening: 1...e5 2 Nc3} 7. Ng5 c6 8. O-O (8. d5 Nxd5 9. Ngxe4 Nb6 10. Nd2 Be6 11. b3 d5 12. cxd5 Nxd5 13. Bb2 Bf6 14. Qc2 Nxc3 15. Bxc3 {1-0 (55) Bocharov,D (2580)-Zvjaginsev,V (2648) Kaliningrad 2015}) 8... O-O 9. f3 {[%cal Rf3e4]} d5 10. cxd5 Nxd5 11. Nh3 exf3 12. Bxf3 Be6 $146 ({Predecessor:} 12... Nxc3 13. bxc3 Be6 14. Nf4 Bf7 15. e4 fxe4 16. Bxe4 Nd7 {0-1 (33) Hanauer,A-Nonnenmacher,E (2295) Baden 1996}) 13. Nf4 Nxf4 14. Bxf4 Na6 15. e4 Nb4 16. a3 {Precision: White = 52%, Black = 100%.} 1/2-1/2

[Event "FIDE Moscow Grand Prix 2017"]
[Site "Moscow"]
[Date "2017.05.13"]
[Round "2"]
[White "Adams, Michael"]
[Black "Giri, Anish"]
[Result "1/2-1/2"]
[WhiteElo "2747"]
[BlackElo "2785"]
[Annotator "TA"]
[PlyCount "58"]
[EventDate "2017.??.??"]
[EventType "tourn"]
[EventCountry "RUS"]
[SourceTitle "playchess.com"]
[Source "ChessBase"]
[SourceQuality "1"]

{[%evp 13,58,26,27,10,8,2,0,0,0,0,2,0,17,0,0,0,0,0,0,-55,-15,-8,-11,-16,14,0,0,0,0,0,0,0,0,0,0,0,0,0,0,0,0,0,0,0,0,0,0]} 1. e4 c5 2. Nf3 Nc6 3. Bb5 g6 4. Bxc6 bxc6 5. O-O Bg7 6. Re1 Nh6 7. c3 O-O 8. h3 {B31: Sicilian: 2...Nc6 3 Bb5 g6} f5 9. e5 Nf7 10. d4 (10. d3 Ba6 11. c4 d6 12. e6 Ne5 13. Nc3 Rb8 14. Nxe5 Bxe5 15. Na4 Qc7 {½-½ (42) Adams,M (2744)-Giri,A (2798) Wijk aan Zee 2016}) 10... cxd4 11. cxd4 c5 12. dxc5 Bb7 13. Nc3 e6 {[#]} 14. Be3 $146 ({Predecessor:} 14. Nd4 Bxe5 15. f4 Bg7 {½-½ (52) Harikrishna,P (2763)-Mamedov,R (2655) Shamkir 2016}) 14... Rb8 15. Bd4 h5 16. h4 ({White should play} 16. Rb1 $11) 16... Bxf3 17. Qxf3 {The position is equal.} Qxh4 18. Rad1 $1 g5 {[%cal Bg6g5,Bg5g4][%mdl 32]} 19. g3 Qh3 20. b3 g4 21. Qg2 Ng5 22. Qxh3 Nxh3+ 23. Kg2 Ng5 24. Rh1 $36 {[%mdl 2048] White is pushing.} Nf3 25. Rxh5 Nxd4 26. Rxd4 Bxe5 27. Rxd7 Bxc3 28. Rg5+ Kh8 {[#] ...Rfc8 is the strong threat.} 29. Rh5+ Kg8 {Precision: White = 74%, Black = 68%.} 1/2-1/2

[Event "FIDE Moscow Grand Prix 2017"]
[Site "Moscow"]
[Date "2017.05.13"]
[Round "2"]
[White "Gelfand, Boris"]
[Black "Mamedyarov, Shakhriyar"]
[Result "1/2-1/2"]
[WhiteElo "2724"]
[BlackElo "2772"]
[Annotator "TA"]
[PlyCount "43"]
[EventDate "2017.??.??"]
[EventType "tourn"]
[EventCountry "RUS"]
[SourceTitle "playchess.com"]
[Source "ChessBase"]
[SourceQuality "1"]

{[%evp 9,43,41,45,43,35,44,51,47,54,42,79,98,83,91,89,91,77,79,78,78,93,78,72,70,87,84,94,81,95,21,25,17,17,9,21,21]} 1. Nf3 d5 2. d4 Bf5 3. c4 e6 4. Nc3 Nf6 5. Nh4 Bb4 6. cxd5 $146 {D06: Queen's Gambit: Symmetrical and Baltic Defences} ({Predecessor:} 6. Nxf5 exf5 7. e3 O-O 8. Be2 dxc4 9. Bxc4 c5 10. O-O Nc6 11. a3 Ba5 12. dxc5 Bxc3 13. bxc3 {0-1 (56) Huzman,A (2557)-Svidler,P (2748) Caleta 2017}) 6... Qxd5 7. e3 c5 8. Bb5+ {White is slightly better.} Nc6 {[%cal Rc5d4]} 9. O-O Qd7 10. Nxf5 exf5 11. Ne2 {Qa4 is the strong threat.} cxd4 12. Nxd4 Bc5 {[%cal Rc5d4]} 13. Nxc6 bxc6 14. Qxd7+ Kxd7 15. Rd1+ Kc7 16. Bc4 Rhd8 17. Bd2 Nd5 18. Ba5+ Bb6 19. Bxd5 ({White should try} 19. Be1 $16) 19... Rxd5 $11 20. Rxd5 cxd5 21. Bc3 g5 22. Rd1 1/2-1/2

[Event "FIDE Moscow Grand Prix 2017"]
[Site "Moscow"]
[Date "2017.05.13"]
[Round "2"]
[White "Vallejo Pons, Francisco"]
[Black "Harikrishna, Pentala"]
[Result "1/2-1/2"]
[WhiteElo "2710"]
[BlackElo "2750"]
[Annotator "TA"]
[PlyCount "163"]
[EventDate "2017.??.??"]
[EventType "tourn"]
[EventCountry "RUS"]
[SourceTitle "playchess.com"]
[Source "ChessBase"]
[SourceQuality "1"]

{[%evp 19,163,41,27,22,13,5,28,34,27,43,39,42,70,14,88,89,77,75,68,68,73,67,85,89,87,77,74,66,76,79,88,79,95,90,90,93,95,87,97,89,100,83,96,99,100,90,109,103,103,103,123,122,122,102,129,122,122,122,122,122,155,155,155,155,155,155,155,155,155,155,137,140,155,155,155,0,155,0,156,144,156,156,244,155,157,155,155,150,244,244,243,169,180,180,173,164,164,118,118,0,164,157,164,118,118,118,125,126,127,118,118,118,114,102,102,95,95,95,95,88,88,88,88,88,88,88,88,88,86,86,85,81,80,80,80,59,52,51,80,0,0,0,80,0,0,0]} 1. Nf3 Nf6 2. c4 e6 3. g3 d5 4. d4 Be7 5. Bg2 O-O 6. O-O dxc4 7. Ne5 Nc6 8. Bxc6 bxc6 9. Nxc6 Qe8 10. Nxe7+ Qxe7 11. b3 {E05: Open Catalan: 5 Nf3 Be7} (11. Qc2 c5 12. Qxc4 cxd4 13. Qxd4 e5 14. Qh4 Qb7 15. Nc3 Be6 16. Bg5 Nd5 17. Nxd5 Qxd5 18. b3 f6 19. Be3 Qb5 20. Rfe1 a5 21. f3 {½-½ (32) Radjabov,T (2710)-Adams,M (2761) Shamkir 2017}) 11... Rd8 12. bxc4 c5 $146 ({Predecessor:} 12... Qd7 13. Na3 c5 14. Bg5 cxd4 15. e4 e5 16. Qd3 Qc6 17. f3 Ba6 18. Rab1 Rdc8 19. Bxf6 Qxf6 {½-½ (62) Postojev,A (2256)-Vujic,B (2357) Germany 2005}) 13. Ba3 {White has an edge.} Qc7 14. Bxc5 Ne4 15. Qb3 Bb7 16. Qa3 (16. Qe3 $14) 16... Rdc8 (16... Rac8 $11) 17. Rd1 e5 18. Nc3 Nxc3 19. Qxc3 exd4 20. Bxd4 Qc6 {[%csl Gb7][%cal Rc6h1] [#]} 21. f3 Qxc4 22. Qxc4 Rxc4 23. Rac1 Ba6 24. Kf2 h5 25. a3 f6 26. Rxc4 Bxc4 $16 {[%mdl 4096] Endgame KRB-KRB} 27. Rc1 Bf7 28. h3 {[%cal Bh2h3,Bh3g4,Bg4g5][%mdl 32]} a5 29. Rc5 a4 30. Bc3 Be8 31. g4 hxg4 32. hxg4 Ra7 33. g5 Kf7 34. e4 Bd7 35. Ke3 Rb7 36. Bb4 Ra7 37. f4 fxg5 38. Rxg5 {Black must now prevent f5.} g6 39. Rc5 Ra6 40. Rc7 Ke8 41. Kd4 Kd8 42. Rc1 Rc6 43. Bc5 Be6 44. Rh1 Bb3 45. Rh7 Ke8 46. Re7+ Kd8 {[#] Strongly threatening ...Rxc5!} 47. Rh7 Ke8 $1 48. Re7+ Kd8 {...Rxc5! is the strong threat.} 49. Rg7 Ke8 50. e5 Bf7 (50... Kd8 $16 {is a better defense.} 51. Rb7 Kc8) 51. Rh7 Bb3 52. Re7+ Kd8 {And now ...Rxc5! would win.} 53. Rg7 Ke8 (53... Kc8 $16 54. Ra7 Kb8) 54. Bd6 $18 Bf7 55. Bb4 Bb3 56. Ke4 Kd8 57. Kf3 Be6 58. Be7+ Kc8 59. Bb4 ({White should play} 59. Kg3 $16) 59... Bf5 $2 (59... Kd8 $1 $11) 60. Ra7 Rc4 61. Rxa4 Kb7 62. Ra5 Kb6 63. Kg3 Be6 64. Ra8 g5 65. fxg5 {aiming for Rd8.} Rg4+ 66. Kf2 {Hoping for Rd8.} Rxg5 67. Rb8+ Kc6 68. Bd6 Rg4 69. Re8 Kd5 70. Kf3 Rh4 71. Rb8 Bd7 72. Rb1 Bc6 73. Ke3 Re4+ 74. Kd3 Rd4+ 75. Kc3 Rc4+ 76. Kb2 Ba4 77. Re1 Rc2+ 78. Kb1 Rd2 79. Kc1 Rc2+ 80. Kb1 Rd2 81. Kc1 (81. Bb4 $16 Rd1+ 82. Rxd1+ Bxd1 83. Kc1) 81... Rc2+ $11 82. Kb1 {Precision: White = 71%, Black = 58%.} 1/2-1/2

[Event "FIDE Moscow Grand Prix 2017"]
[Site "Moscow"]
[Date "2017.05.13"]
[Round "2"]
[White "Hou, Yifan"]
[Black "Vachier-Lagrave, Maxime"]
[Result "1/2-1/2"]
[WhiteElo "2652"]
[BlackElo "2795"]
[Annotator "TA"]
[PlyCount "50"]
[EventDate "2017.??.??"]
[EventType "tourn"]
[EventCountry "RUS"]
[SourceTitle "playchess.com"]
[Source "ChessBase"]
[SourceQuality "1"]

{[%evp 14,50,33,35,53,42,61,35,28,31,32,38,40,33,31,21,30,22,16,16,38,0,0,0,0,0,0,-12,0,0,0,0,0,0,0,0,0,0,6]} 1. Nf3 c5 2. c4 Nc6 3. Nc3 e5 4. e3 Nf6 5. d4 e4 6. d5 {A34: Symmetrical English: 2 Nc3, lines with ...d5} exf3 7. dxc6 bxc6 (7... dxc6 8. Qxd8+ Kxd8 9. gxf3 Kc7 10. b3 Be7 11. Bb2 Rd8 12. h4 g6 13. Bh3 Bxh3 14. Rxh3 {½-½ (33) Aronian,L (2781)-Vachier Lagrave,M (2765) London 2015}) 8. Qxf3 {LiveBook: 3 Games. White is slightly better.} d5 9. cxd5 Bg4 10. Qf4 $146 {[#] Threatens to win with Qe5+.} ({Predecessor:} 10. Qg3 Bd6 11. f4 cxd5 12. Bb5+ Kf8 13. O-O {1-0 (28) Hanauer,M-Seidman,H Ventnor City 1940}) 10... cxd5 11. Bb5+ Bd7 12. O-O Be7 13. Qa4 Rb8 14. Bxd7+ Qxd7 15. Qxd7+ Kxd7 16. b3 Rhc8 17. Ba3 c4 {The position is equal.} 18. Bxe7 Kxe7 19. Rfc1 a5 20. Kf1 cxb3 21. axb3 Rc5 22. Ne2 Rxc1+ 23. Nxc1 Rb5 24. Ne2 Rxb3 25. Nd4 Rb2 {Precision: White = 67%, Black = 66%.} 1/2-1/2

[Event "FIDE Moscow Grand Prix 2017"]
[Site "Moscow"]
[Date "2017.05.13"]
[Round "2"]
[White "Hammer, Jon Ludvig"]
[Black "Nepomniachtchi, Ian"]
[Result "0-1"]
[WhiteElo "2621"]
[BlackElo "2751"]
[Annotator "TA"]
[PlyCount "86"]
[EventDate "2017.??.??"]
[EventType "tourn"]
[EventCountry "RUS"]
[SourceTitle "playchess.com"]
[Source "ChessBase"]
[SourceQuality "1"]

{[%evp 12,85,20,24,18,16,30,6,0,-27,-22,-31,-36,-17,-13,-23,-4,-29,-26,-37,-30,-43,-44,-29,-26,-53,-39,-52,-45,-126,-79,-75,-64,-63,-68,-72,-67,-73,-61,-59,-61,-108,-93,-164,-164,-170,-183,-168,-164,-542,-527,-535,-515,-579,-569,-502,-437,-422,-308,-652,-686,-589,-687,-664,-656,-620,-635,-619,-577,-1924,-1843,-29976,-29978,-29978,-29979,-29999]} 1. e4 d6 2. d4 Nf6 3. Nc3 g6 4. Be3 c6 5. Qd2 b5 6. e5 {B07: Pirc Defence: Miscellaneous Systems} (6. f3 Qc7 7. g4 h5 8. g5 Nfd7 9. d5 a6 10. dxc6 Nxc6 11. Nd5 Qb7 12. a4 b4 13. Bd4 Rg8 14. O-O-O Nxd4 15. Qxd4 {1-0 (49) Bortnyk,O (2565)-Onischuk,V (2628) Gjakova 2016}) 6... Ng4 7. exd6 {LiveBook: 3 Games} Nxe3 8. Qxe3 {The position is equal.} Qxd6 9. O-O-O {Black must now prevent d5.} Bg7 $146 ({Predecessor:} 9... h5 10. Ne4 Qe6 11. Kb1 Bh6 12. Qe1 O-O 13. h3 Qd5 {1-0 (37) Gress,A (1987)-Vijayakumar,P Heusweiler 2007}) 10. g3 Nd7 {[%cal Bb8d7,Bd7b6,Bb6a4][%mdl 32]} 11. Bg2 Nb6 12. Qf3 Bd7 13. Ne4 Qc7 14. Nc5 Rc8 15. h4 Na4 16. Nxd7 Qxd7 17. h5 O-O 18. hxg6 hxg6 ({Don't play} 18... fxg6 $6 19. Qe3 $16) 19. Ne2 Qd6 $1 20. c3 (20. Nf4 $15) 20... b4 21. c4 c5 {[%cal Rc5d4]} 22. b3 $1 {[%cal Rb3a4]} Nc3 23. Nxc3 bxc3 24. Qxc3 ({Don't take} 24. dxc5 $2 Qxc5 25. Qe2 Qa3+ 26. Kb1 {[#]} Rxc4 $1 $19 {[%mdl 512]}) 24... Bxd4 ({But not} 24... cxd4 25. Qd3 $11) 25. Qd2 Qa6 26. Kb1 Rb8 27. g4 (27. Qc2 $17 {was worth a try.}) 27... Bg7 $19 {aiming for ...Qf6.} 28. g5 Qxc4 29. Bd5 Qg4 30. Rhe1 $2 (30. Qe3 {is a better chance.}) 30... e6 31. Be4 c4 32. Qe3 {Hoping for Rg1.} cxb3 33. axb3 Rb4 34. Rd3 Rfb8 35. f3 $2 (35. Qg3 Rxb3+ 36. Rxb3 Qxg3 37. fxg3 Rxb3+ 38. Kc2 Rxg3 39. Rd1) 35... Qg2 {[%csl Gg7][%cal Rg2b2]} 36. Re2 Qh1+ 37. Re1 Qh2 {[%csl Gg7][%cal Rh2b2]} 38. Re2 Qe5 {( -> ...Qa1+)} 39. Ra2 a5 40. Kc2 {[#]} a4 $1 {[%mdl 512] ...axb3+ is the strong threat.} 41. Rxa4 Rxa4 {Black mates.} 42. bxa4 Qa1 {[%csl Ga1,Gg7][%cal Rb8b2]} 43. Rd2 Qb1# {Precision: White = 29%, Black = 87%.} 0-1

[Event "FIDE Moscow Grand Prix 2017"]
[Site "Moscow"]
[Date "2017.05.15"]
[Round "4"]
[White "Nakamura, Hikaru"]
[Black "Hou, Yifan"]
[Result "1/2-1/2"]
[WhiteElo "2786"]
[BlackElo "2652"]
[Annotator "TA"]
[PlyCount "100"]
[EventDate "2017.??.??"]
[EventType "tourn"]
[EventCountry "RUS"]
[SourceTitle "playchess.com"]
[Source "ChessBase"]
[SourceQuality "1"]

{[%evp 24,100,-21,-29,-2,-43,-42,-49,-37,-57,-35,-60,15,8,14,-18,0,0,0,0,0,-13,-22,-17,-13,-38,-18,-7,0,0,0,0,0,-47,0,0,0,0,0,0,0,0,0,0,0,0,0,0,0,0,0,0,6,6,6,0,2,0,6,6,6,0,0,0,8,0,0,0,0,0,0,0,0,0,0,0,0,0,0]} 1. Nf3 d5 2. g3 Nf6 3. Bg2 e6 4. O-O Be7 5. d3 c5 6. Nbd2 Nc6 7. e4 O-O 8. Re1 b5 {[%cal Bb7b5,Bb5b4][%mdl 32]} 9. e5 Nd7 10. Nf1 Bb7 11. h4 {C00: French: Unusual White 2nd moves} b4 (11... Qc7 12. Bf4 Rfc8 13. N1h2 Qd8 14. c3 a5 15. a4 Ba6 16. axb5 Bxb5 17. b3 Nb6 18. Ng5 h6 19. Nh3 a4 20. bxa4 Nxa4 {0-1 (35) Amin,B (2661)-Dominguez Perez,L (2720) Baku 2016}) 12. Bf4 a5 13. N1h2 {[#] LiveBook: 3 Games} Ra6 $146 ({Predecessor:} 13... Nb6 14. Ng5 h6 15. Nh3 Nd4 16. c3 Nf5 17. Bd2 Qd7 18. Nf4 Rfe8 19. Nh5 bxc3 20. bxc3 Qa4 21. Rb1 Qxd1 22. Rexd1 Bd8 23. Ng4 {½-½ (23) Ghasi,A (2305)-Turner,M (2519) Edinburgh 2003}) 14. c3 a4 15. a3 bxc3 16. bxc3 Qa5 17. c4 Nd4 ({Better is} 17... dxc4 $1 $15 18. dxc4 Qc7) 18. Nxd4 $11 cxd4 19. h5 (19. Bd2 $5 {[%cal Rd2a5]} Qc7 20. cxd5 Bxd5 21. Bxd5 exd5 22. Nf3 $11) 19... h6 20. Ng4 {Threatens to win with Nxh6+!} Kh7 21. Bd2 Qd8 22. Bb4 Nc5 23. cxd5 Bxd5 24. Bxd5 Qxd5 25. Rc1 Re8 26. Rc4 Raa8 27. Bxc5 Bxc5 28. Re4 Red8 29. Qc1 {The position is equal.} Bf8 30. Qf4 Qb7 31. Rexd4 Bxa3 32. Rxd8 Rxd8 33. Rxa4 Rxd3 {[#] ( -> ...Rd1+)} 34. Qe4+ Qxe4 35. Rxe4 {[%mdl 4096] Endgame KRB-KRN} Bc5 {And now ...Rxg3+ would win.} 36. Kg2 Rd4 37. Kf3 Rd2 38. Rc4 Bb6 39. Rc6 Rb2 40. Rc8 Rb3+ 41. Kg2 Bd4 42. Rf8 Rb7 43. f4 f5 44. Nh2 {With the idea Nf3.} Rb2+ 45. Kh3 Rb3 46. Rc8 Be3 {White must now prevent ...Bxf4.} 47. Rc4 Bg1 (47... Bf2 $5 {[%cal Rb3g3]} 48. Kg2 Be3 $11) 48. Rc6 Be3 49. Rc4 Bg1 (49... g5 $5 {[%cal Re3f4]} 50. hxg6+ Kxg6 $11) 50. Rc6 Be3 {Precision: White = 69%, Black = 54%.} 1/2-1/2

[Event "FIDE Moscow Grand Prix 2017"]
[Site "Moscow"]
[Date "2017.05.15"]
[Round "4"]
[White "Ding, Liren"]
[Black "Svidler, Peter"]
[Result "1/2-1/2"]
[WhiteElo "2773"]
[BlackElo "2755"]
[Annotator "TA"]
[PlyCount "66"]
[EventDate "2017.??.??"]
[EventType "tourn"]
[EventCountry "RUS"]
[SourceTitle "playchess.com"]
[Source "ChessBase"]
[SourceQuality "1"]

{[%evp 16,66,16,0,16,5,19,19,12,12,23,22,20,31,43,22,47,52,66,23,56,60,52,68,79,60,163,155,193,0,0,0,0,-7,34,40,47,32,41,25,28,31,49,30,55,66,65,66,81,9,9,8,8]} 1. c4 g6 2. Nc3 c5 3. g3 Bg7 4. Bg2 Nc6 5. a3 e6 6. Rb1 Nge7 7. b4 d6 8. Nf3 O-O 9. O-O b6 {A36: Symmetrical English vs ...g6: 4 Bg2 Bg7} 10. e3 (10. bxc5 bxc5 11. Bb2 Rb8 12. Ba1 Rxb1 13. Qxb1 Ba6 14. d3 Qa5 15. Ne4 Rb8 16. Qc1 Nf5 17. Nf6+ Kh8 18. Ng5 Nd8 19. Ngxh7 e5 20. f4 Ne6 21. fxe5 Ned4 22. Bxd4 Nxd4 23. Qg5 dxe5 24. Qh4 {1-0 (24) Topalov,V (2761)-Giri,A (2782) Paris 2016}) 10... d5 11. bxc5 bxc5 12. Na4 Qd6 $146 ({Predecessor:} 12... dxc4 13. Qc2 e5 14. Ng5 Qa5 15. Ne4 Bf5 16. Qxc4 Be6 {½-½ (16) Henrichs,T (2460)-Pap,M (2491) Dortmund 2015}) 13. d3 Ba6 14. Qc2 Rab8 15. Rxb8 Rxb8 16. cxd5 Nxd5 17. e4 Nde7 18. Nxc5 Nd4 19. Nxd4 Bxd4 20. Be3 $1 {[%cal Re3d4] Black must now prevent Bxd4.} Rb2 ({Better is} 20... Rc8 $14 21. Bxd4 Qxd4) 21. Qc1 $18 Bb5 22. a4 $2 (22. Nb7 $1 $18 {[%cal Rb7d6]} Qd7 23. Bxd4 Qxd4 24. Qc7) 22... Be8 $1 $11 23. Bxd4 (23. Nb7 $5 Rxb7 24. e5 $1 $11 {[%mdl 512]}) 23... Qxd4 24. Qe3 Qxe3 25. fxe3 Rc2 26. d4 $36 {[%mdl 2048] White has good play.} e5 27. Rd1 exd4 28. exd4 Nc6 29. Bf1 Nxd4 30. Rxd4 {Hoping for Rd8.} Rxc5 31. Rd8 Re5 {[#]} 32. Bb5 (32. Ra8 $1 $16) 32... Kf8 33. Ra8 Rxe4 {Precision: White = 72%, Black = 54%.} 1/2-1/2